000 01068nam a2200289Ia 4500
003 OSt
005 20221005104245.0
006 a|||||r|||| 00| 0
007 ta
008 221004b |||||||| |||| 00| 0 hin d
020 _a9788123015606 (pbk)
_cINR 70.00
024 _a43307
037 _b320, 11/03/2019, Eastern Book Linkers
_cTextual
040 _aCRL
_cCRL
_bhin
041 _2hin
_ahin
082 _aO152,1:gJ, P9
100 _aहरगुलाल, ले.
245 0 _aचतुर्भुजदास
246 _aChaturbhujadāsa
260 _aदिल्ली
_bप्रकाशन विभाग सूचना और प्रसारण मंत्रालय भारत
_c2009
300 _a88पृ0
_ccm.
490 _aअष्टछाप के कवि
650 _a हिन्दी साहित्य
650 _aहिन्दी कविता
942 _hO152,1:gJ, P9
_cTEXL
_2cc
999 _c1012172
_d1012172